书目信息 |
| 题名: |
船舶轴舵系装置
|
|
| 作者: | 王福根 主编 | |
| 分册: | ||
| 出版信息: | 哈尔滨 哈尔滨工程大学出版社 2003 |
|
| 页数: | 273页 | |
| 开本: | 26cm | |
| 丛书名: | 船舶工人培训丛书 | |
| 单 册: | ||
| 中图分类: | U664.2 , U664 | |
| 科图分类: | ||
| 主题词: | 船舶轴系--技术教育--教材 , 船舶轴系 | |
| 电子资源: | ||
| ISBN: | 7-81073-356-7 | |
| 000 | 00867oam2 2200265 450 | |
| 001 | 07079000403 | |
| 005 | 20070721105431.62 | |
| 010 | @a7-81073-356-7@dCNY21.50 | |
| 100 | @a20031112d2003 em y0chiy0110 ea | |
| 101 | 0 | @achi |
| 102 | @aCN@b230000 | |
| 105 | @aa z 000yy | |
| 200 | 1 | @a船舶轴舵系装置@Achuan bo zhou duo xi zhuang zhi@f王福根主编 |
| 210 | @a哈尔滨@c哈尔滨工程大学出版社@d2003 | |
| 215 | @a273页@c图@d26cm | |
| 225 | 2 | @a船舶工人培训丛书 |
| 330 | @a本书共分六章,讲述了船舶轴系、船舶舵系、液压舵机、轴舵系主要设备与要求、轴舵系检测与试验和轴舵系安装工艺实例介绍和实验。 | |
| 461 | 0 | @12001 @a船舶工人培训丛书 |
| 606 | 0 | @a船舶轴系@x技术教育@j教材 |
| 606 | 0 | @a船舶轴系 |
| 690 | @aU664.2@v4 | |
| 690 | @aU664@v3 | |
| 701 | 0 | @a王福根@Awang fu gen@c(船舶)@4主编 |
| 801 | 0 | @aCN@bTAOJIN新华发行集团@c20070721 |
| 905 | @a10447@dU664@e153 | |
| 船舶轴舵系装置/王福根主编.-哈尔滨:哈尔滨工程大学出版社,2003 |
| 273页:图;26cm.-(船舶工人培训丛书) |
| ISBN 7-81073-356-7:CNY21.50 |
| 本书共分六章,讲述了船舶轴系、船舶舵系、液压舵机、轴舵系主要设备与要求、轴舵系检测与试验和轴舵系安装工艺实例介绍和实验。 |
| ● |
| 相关链接 |
|
|
|
|
正题名:船舶轴舵系装置
索取号:U664/153
 
预约/预借
| 序号 | 登录号 | 条形码 | 馆藏地/架位号 | 状态 | 备注 |
| 1 | 0822576 | 208225767 | 第二样本阅览室/ [索取号:U664/153] | 在馆 | |
| 2 | 0822577 | 208225776 | 第三借阅区/ [索取号:U664/153] | 在馆 | |
| 3 | 0822578 | 208225785 | 第三借阅区/ [索取号:U664/153] | 在馆 | |
| 4 | 0822579 | 208225794 | 第三借阅区/ [索取号:U664/153] | 在馆 | |
| 5 | 0822580 | 208225801 | 第三借阅区/ [索取号:U664/153] | 在馆 |